Top Eleven Languages Spoken in Africa - Statistics

General Stats
  • This quiz has been taken 430 times
  • The average score is 6 of 11
Answer Stats
Countries # of Speakers Language % Correct
Gabon, Mauritius, Cote d’Ivoire, Senegal, Sao Tome e Principe, Tunisia, Guinea, Seychelles, Democratic Republic of Congo and Equatorial Guinea... 430 million French
95%
Egypt, Algeria, Morocco, Mauritania, Libya, Eritrea… 260 million Arabic
92%
Tanzania, Kenya, Uganda 150 million Swahili
82%
Angola, Mozambique and Guinea-Bissau... 14 million Portuguese
70%
South Africa 12 million Zulu
65%
Ethiopia 21 million Amharic
53%
Nigeria, Cameroon and Equatorial Guinea 25 million Igbo
49%
Nigeria, Benin, Togo 40 million Yoruba
44%
Nigeria, Niger, Benin, Burkina Faso, Cameroon, CAR, Chad, Congo, Eritrea, Ghana, Sudan, Togo 63 million Hausa
32%
Ethiopia, Kenya, Somalia and Egypt 50 million Oromo
27%
Zimbabwe, Botswana, Mozambique 14.2 million Shona
15%
No matching quizzes found
Score Distribution
Percent of People with Each Score
Percentile by Number Answered
Your Score History
You have not taken this quiz